00395nam a2200145 a 4500041000800000100002100008245006100029250001000090260004800100300001100148650002400159650002600183650001700209650002300226 aeng aMabberley, D. J. aPlant bookba portable dictionary of the vascular plants a2 ed. aCambridgebCambridge University Pressc1997 a858 p. aTaxonomía vegetal aNombres científicos aDiccionarios aPlantas vasculares